Tokové vlastnosti pastovitých materiálov s partikulárnou tuhou fázou : Habilitačná práca

Enregistré dans:
Détails bibliographiques
Auteur principal: Peciar, Marián, 1957- (Auteur)
Format: Manuscrit Livre
Langue:slovaque
Publié: Bratislava : STU v Bratislave SjF, 1998
Tags: Ajouter un tag
Pas de tags, Soyez le premier à ajouter un tag!

MARC

LEADER 00000ntm a22000003a 4500
001 stu54510
005 20150617225703.9
008 000628s1998----xo------------------slo-d
040 |a STU  |b slo 
041 0 |a slo 
044 |a xo 
080 |a 66.017 
100 1 |a Peciar, Marián,  |d 1957-  |4 aut  |u J180  |U SjF Ústav chemických a hydraulických strojov a zariadení  |T SjF Katedra chemických strojov v zariadení  |X 2359  |U J180  |Y 43  |7 A000002359 
245 1 |a Tokové vlastnosti pastovitých materiálov s partikulárnou tuhou fázou :  |b Habilitačná práca 
260 |a Bratislava :  |b STU v Bratislave SjF,  |c 1998 
300 |a 81 s 
996 |b 284J002065  |c J*96900  |l JJST  |s P  |a 0  |w stu54510_0001